Energy, Transport and Environment Indicators 2018
Saved in:
| Corporate Author: | |
|---|---|
| Format: | Book |
| Language: | English |
| Published: |
Luxembourg
Publications Office of the European Union
2018
|
| Series: | Statistical Books
|
| Subjects: | |
| Tags: |
No Tags, Be the first to tag this record!
|
MARC
| LEADER | 00000nam a2200000 4500 | ||
|---|---|---|---|
| 001 | 0258818 | ||
| 005 | 20251216072215.1 | ||
| 020 | |a 978-92-79-96508-1 | ||
| 020 | |a 978-92-79-96509-8 | ||
| 022 | |a 1725-4566 | ||
| 022 | |a 2363-2372 | ||
| 041 | 0 | |a eng | |
| 044 | |a LU | ||
| 245 | 1 | 0 | |a Energy, Transport and Environment Indicators 2018 |
| 264 | 1 | |a Luxembourg |b Publications Office of the European Union |c 2018 | |
| 300 | |a 228 s. | ||
| 490 | 1 | |a Statistical Books | |
| 830 | 0 | |a Statistical Books | |
| 610 | 2 | 0 | |a Európa |
| 610 | 2 | 0 | |a Európska únia |
| 610 | 2 | 0 | |a energia |
| 610 | 2 | 0 | |a doprava |
| 610 | 2 | 0 | |a prostredie životné |
| 710 | 2 | |a Eurostat | |